[Event "Hoogovens-B"]
[Site "Wijk aan Zee"]
[Date "1999.01.20"]
[Round "2"]
[White "Ionov, Sergey"]
[Black "Bauer, Christian"]
[Result "1/2-1/2"]
[WhiteElo "2551"]
[BlackElo "2528"]
[Annotator "Stohl,I"]
[PlyCount "67"]
[EventDate "1999.01.19"]
[EventType "tourn"]
[EventRounds "11"]
[EventCountry "NED"]
[EventCategory "11"]
[SourceTitle "CBM 069"]
[Source "ChessBase"]
[SourceDate "1999.04.01"]
[SourceVersion "1"]
[SourceVersionDate "1999.04.01"]
[SourceQuality "1"]

1. d4 e6 2. c4 Nf6 3. Nf3 c5 4. d5 exd5 5. cxd5 Bd6 6. Bg5 O-O $5 {It's
suprising that the main exponent of the "Snake Benoni" Miezis has never played
this logical move and has suffered quite a few defeats with the other inferior
alternatives.} (6... Bc7 $6 7. d6 Ba5+ 8. Nbd2 $1 $16) (6... h6 7. Bh4 Qa5+ (
7... Bc7 8. d6 Ba5+ 9. Nbd2 Nc6 $146 10. Qc2 g5 11. Bg3 g4 12. Ne5 Nd4 13. Qd3
Bxd2+ 14. Kxd2 $1 Qa5+ 15. Kd1 Qb5 16. Nc4 Rg8 17. e3 Ne6 18. Qf5 Rg6 19. Bh4
Ng5 20. Bxg5 hxg5 21. Qe5+ Kf8 22. Qe7+ Kg7 23. Ne5 Qa4+ 24. b3 Qe4 25. Qxf7+
Kh6 26. Bd3 {1-0,Karr,J-Miezis,N/Paris/1998/}) 8. Nc3 Ne4 9. Qc2 Nxc3 10. bxc3
O-O 11. g4 $1 b5 12. g5 h5 13. Bg3 Bxg3 14. hxg3 d6 15. Nd2 Re8 16. Rxh5 g6 17.
Rh4 Bf5 18. e4 Na6 19. Be2 Bd7 20. Kf1 c4 21. Kg2 Nc5 22. Rah1 Kf8 23. Rf4 Kg7
24. e5 Rxe5 25. Rh7+ Kg8 26. Rfxf7 Bf5 27. Rhg7+ {1-0,Horvath,C-Miezis,N/
Elista olm/1998/}) 7. Nc3 (7. Nbd2 $5 Re8 8. Qc2 Be7 $1 {/\Nd5} 9. Bxf6 Bxf6
10. Qxc5 Bxb2 11. Rb1 Bf6 12. e3 b6 (12... d6 $13) 13. Qa3 Bb7 14. Bc4 Qc8 15.
Rc1 Qd8 16. O-O a6 17. Qd6 b5 18. Bb3 a5 19. Rc7 Ra6 20. Qf4 Rb6 $132 {Khenkin,
I-Bezold,M/BL2O 9798/1997/}) 7... Re8 (7... Bc7 $143 $6 8. d6 Ba5 9. e4 $1 (9.
Qc2 Re8 10. O-O-O Bxc3 11. bxc3 b5 12. Qf5 Re6 13. Qxc5 Na6 14. Bxf6 Rxf6 15.
Qe5 Bb7 16. Nd4 Qa5 17. Kb2 Rc8 18. Nb3 Qb6 19. f3 b4 $44 {Roeder,M-Wohl,A/
Sydney/1999/}) 9... Nc6 10. Bd3 c4 11. Bc2 Re8 12. O-O Bxc3 13. bxc3 Re6 $6 (
13... h6 14. Bh4 g5 15. Bg3 Nxe4 16. Qd5 $44) 14. Re1 Qa5 15. e5 Ng4 16. Bf4 g6
17. Qd2 b6 18. Be4 Bb7 19. h3 {1-0 Ghinda,M-Biriescu,I/Predeal 1988/EXT 97 (19)
}) 8. e3 Bc7 $5 {Black must choose his moves very carefully, otherwise he may
have serious problems very fast.} (8... a6 9. a4 Bf8 10. h3 d6 11. Bd3 Nbd7 12.
O-O Ne5 13. Nxe5 Rxe5 14. Bh4 Re8 15. e4 Be7 16. Bg3 Nd7 17. Be2 Bf6 18. Qc2
Nf8 19. f4 Bh4 20. Bh2 Bf6 21. Rae1 Bd4+ 22. Kh1 Qh4 23. Bd3 Ng6 24. Ne2 Bf6
25. Ng1 Qh6 26. e5 $1 dxe5 27. fxe5 Nxe5 28. Qc3 $16 {Polgar,Z-Forintos,G/
HUN-ch/1986/}) (8... h6 9. Bh4 g5 (9... Qe7 10. Bc4 b6 11. Qd3 a6 12. a4 g5 13.
Bg3 Kg7 14. Bxd6 Qxd6 15. O-O Ng8 16. Nd2 Qg6 17. Qxg6+ fxg6 18. Bd3 a5 19. Nc4
Ba6 20. Nb5 Bxb5 21. axb5 Nf6 22. Nxb6 Ra7 23. d6 Re6 24. Bc4 Rxd6 25. Nc8 {
1-0,Lukacs,P-Fernandes,A/Almada/1988/}) 10. Bg3 Bxg3 11. hxg3 Kg7 12. d6 b6 13.
Bc4 Bb7 14. Qd3 Nc6 15. O-O-O Na5 16. Bxf7 Kxf7 17. Rxh6 Bxf3 18. gxf3 {
1-0,Vaganian,R-Hodgson,J/Sochi/1986/}) 9. d6 $5 {[%csl Rc8,Gd6] [+](),ץc8 A
logical direct refutation attempt.} Ba5 10. Bc4 (10. Be2 h6 11. Bxf6 Qxf6 12.
Qd2 b6 13. O-O Bb7 14. a3 Bxc3 15. bxc3 Nc6 16. Rfd1 Na5 17. Rab1 Be4 18. Rb2
Rad8 19. Ne1 Re5 20. f3 Bc6 21. e4 Ba4 22. Nc2 Re6 23. Ba6 Rb8 24. Qd3 b5 $1
$15 {Beck,H-Dohr,A/AUT-chT2/1997/}) 10... Bxc3+ 11. bxc3 Nc6 12. O-O h6 (12...
b6 13. Re1 h6 14. Bh4 Bb7 15. e4 g5 16. Nxg5 $6 hxg5 17. Bxg5 Ne5 18. f4 Nxc4
19. e5 Re6 20. exf6 Qe8 21. Bh4 Rxe1+ 22. Bxe1 Qe3+ 23. Bf2 Qxf4 24. Qh5 Re8
$19 {Matlak,M-Zaichik,G/Moscow/1988/}) 13. Bh4 b6 14. Qc2 Na5 $8 (14... Bb7 $2
15. Qf5 $40 (15. Qg6 $5)) 15. Bd3 (15. Bd5 Bb7 16. Bxb7 Nxb7 17. Rad1 Re6 $15 {
[%csl Rd6] ><d6}) 15... Bb7 16. Rad1 Rc8 17. Bf5 (17. c4 $5 $36 {()}) 17... g5
$5 {Black saves the day by active defence.} 18. Bg3 Nc4 (18... Be4 19. Bxe4
Nxe4 20. Be5 $1 f5 21. g4 $40) 19. Qe2 (19. Bd3 Be4 $13) (19. Nd2 Nxd2 20. Qxd2
Be4 $15) 19... b5 20. Bd3 Bd5 21. h4 Ne4 (21... g4 $6 22. Nd2 $5 (22. Nh2 h5
$13) 22... Nb2 23. Rb1 Nxd3 24. Qxd3 {׻}) 22. Bxe4 $8 Bxe4 23. hxg5 hxg5 24.
Nd2 Bd5 $5 (24... Nb2 25. Nxe4 Nxd1 26. f3 f5 27. Qxd1 fxe4 28. fxe4 $44 {->})
25. Rfe1 Qf6 $11 26. Nxc4 Bxc4 27. Qd2 Qg6 28. e4 f6 29. f3 Kf7 30. Kf2 Re6 31.
Re3 (31. Rh1 $6 f5 $15) 31... Rce8 32. Rde1 f5 33. exf5 Qxf5 34. Rxe6 (34. Rxe6
Rxe6 35. Rxe6 Bxe6 $11 {^-}) 1/2-1/2

[Event "St Petersburg zt"]
[Site "St Petersburg"]
[Date "1993.??.??"]
[Round "4"]
[White "Ulybin, Mikhail"]
[Black "Aseev, Konstantin N"]
[Result "1-0"]
[WhiteElo "2565"]
[BlackElo "2515"]
[Annotator "Stohl,I"]
[PlyCount "59"]
[EventDate "1993.01.??"]
[EventType "swiss"]
[EventRounds "9"]
[EventCountry "RUS"]
[SourceTitle "CBM 034"]
[Source "ChessBase"]
[SourceDate "1993.06.01"]
[SourceVersion "1"]
[SourceVersionDate "1993.06.01"]
[SourceQuality "1"]

1. d4 {Chekhov} Nf6 2. c4 e6 3. g3 c5 4. d5 exd5 5. cxd5 b5 $5 6. Bg2 (6. a4 $5
{Chekhov} b4 7. f3 g6 8. e4 Bg7 9. Nd2 O-O 10. Nc4 d6 11. Bf4 Ba6 $1 $132 {
Kortschnoi,V-Timman,J/Tilburg/1987/}) 6... Bb7 (6... d6 7. b4 $1 (7. a4 b4 8.
Nd2 Ba6 9. Qc2 g6 10. Nc4 $6 (10. b3 $142 Bg7 11. Bb2 $13) 10... Bg7 11. Bf4
O-O $1 12. Bxd6 b3 13. Qc1 Re8 14. Bxc5 Nbd7 15. Nd6 Qa5+ 16. Kf1 Nxc5 17. Nxe8
Rxe8 $19 {Krasenkov,M-Howell,J,Belgorod 1990-EXP 17}) (7. Nh3 $6 g6 8. O-O Bg7
9. a4 b4 10. Nd2 Nbd7 11. e4 Ba6 12. Re1 O-O 13. f4 Re8 14. Nf2 c4 15. Nf3 Bb7
16. Bd2 a5 $17 {Beim,V-Dautov,R,Berlin Summer 1991-TD 91_04}) 7... Na6 (7...
cxb4 8. a3 bxa3 9. Nxa3 Bd7 10. Qb3 $44) 8. bxc5 Nxc5 9. Nf3 g6 10. Nd4 Bg7 11.
O-O a6 12. Nc6 (12. Nc3 O-O 13. Nc6 Qc7 14. Be3 Bb7 15. Bd4 Rfe8 16. a4 bxa4
17. Bxc5 $1 dxc5 18. Qxa4 Nd7 19. Qb3 $16 {Kasparov,G-Korchnoi,V,London cs 1983
}) 12... Qd7 13. Nc3 O-O 14. a4 (14. Be3 $5 $36) 14... Nfe4 15. Nxe4 Nxe4 16.
Bf4 Nc3 17. Qc2 Re8 18. e4 Nxa4 19. Rae1 $44 {Gelfand,B-Chernin,A,Dortmund
1990-CBM 18}) (6... d6 $5 {Chekhov}) 7. e4 (7. b3 Qa5+ $6 8. Bd2 Qb6 9. Bc3 c4
10. bxc4 Bc5 11. Nh3 bxc4 12. O-O Bb4 13. e4 $16 {Gadasi,D-Soln,P,Duisburg
WchJM-U14 1992}) 7... d6 8. Nf3 $5 Be7 (8... Nxe4 9. Qe2 $5 (9. Nh4 Nf6 10. Nf5
Qd7 11. g4 h5 12. Bg5 hxg4 13. Qe2+ Kd8 14. Qxg4 Be7 15. Qf4 Nh5 $1 16. Bxe7+
Qxe7+ 17. Qe3 Qf6 $17 {Birnboim,N-Tiller,E,Randers zt 1982}) (9. O-O $44) 9...
Qe7 10. Qxb5+ (10. O-O {Chekhov}) 10... Qd7 (10... Bc6 11. dxc6 Nc3+ $19) 11.
Qe2 $36) (8... Nbd7 {Chekhov}) 9. O-O O-O (9... Nxe4 $142 10. Re1 (10. Qe2 {
Chekhov} Nf6 11. Qxb5+ Qd7 $132) 10... Nf6 11. Nh4 O-O 12. Nf5 Re8 13. Bg5 $44)
10. Nh4 $14 Re8 (10... g6 11. e5 $5 {/\} dxe5 $2 12. d6 Bxg2 13. dxe7 $18) 11.
Re1 Nbd7 12. a4 $1 b4 (12... a6 $142 13. Na3 Qb6 $14) (12... a6 {Chekhov}) 13.
b3 {><c4,->>>} Bf8 14. Bb2 a5 (14... Nb6 15. a5 Nbd7 16. Nd2 $16) (14... c4 $5
15. bxc4 Nc5 16. Nd2 $14) 15. Nd2 Ba6 (15... g6 {Chekhov}) 16. Nf5 g6 17. Ne3
$16 Bg7 {/\Nd5} 18. Qc2 Nb6 (18... Ne5 $5 {Chekhov}) 19. Rad1 Nfd7 20. Bxg7
Kxg7 21. f4 {[+]} Qf6 $6 (21... Kg8 {Chekhov}) 22. e5 dxe5 23. Ne4 Qd8 24. f5
Qc7 (24... Nf6 $142 25. Qxc5 (25. Nxc5 Rc8 $132) 25... Nxe4 26. Bxe4 Nd7 27.
Qc6 $16) (24... f6 $5 {Chekhov}) 25. d6 Qd8 26. f6+ $1 Kg8 (26... Nxf6 27. Nxf6
Qxf6 28. Bxa8 $18 {/\Qc5} (28. Bxa8 {Chekhov} Rxa8 29. Qxc5 $18)) (26... Kh8 $5
{Chekhov}) 27. Ng4 $18 Rc8 (27... h5 28. Nh6+ Kf8 29. Ng5 $1 {/\Nh7#} Nxf6 30.
Nhxf7 $18) (27... Bc8 {Chekhov} 28. Qd2 Kh8 29. Qh6 Rg8 30. Ng5 {1-0 Ulibin,
M-Aseev,K/St.Petersburg zt (4) 1993}) 28. Qd2 {/\Qh6+-} Kh8 (28... Nf8 29. Qh6
Ne6 30. Ng5 $18) 29. Qh6 Rg8 30. Ng5 {/\Qh7#,Nf7#} 1-0

[Event "Goodricke op 13th"]
[Site "Kolkata"]
[Date "2002.03.25"]
[Round "9"]
[White "Gleizerov, Evgeny"]
[Black "Sandipan, Chanda"]
[Result "0-1"]
[WhiteElo "2587"]
[BlackElo "2452"]
[Annotator "Stohl,I"]
[PlyCount "90"]
[EventDate "2002.03.17"]
[EventType "swiss"]
[EventRounds "11"]
[EventCountry "IND"]
[SourceTitle "CBM 088"]
[Source "ChessBase"]
[SourceDate "2002.03.21"]
[SourceVersion "1"]
[SourceVersionDate "2002.03.21"]
[SourceQuality "1"]

1. d4 Nf6 2. c4 e6 3. g3 c5 4. d5 exd5 5. cxd5 b5 $5 6. Bg2 d6 7. e4 {
Gleizerov tries a very direct approach to refute Black's setup.} ({The
reputation of} 7. b4 {has been tarnished by} Nbd7 8. bxc5 $6 dxc5 $1 9. Nh3 Bd6
10. O-O $2 O-O $2 (10... Be5 $19) 11. Bf4 Nb6 12. Bxd6 Qxd6 13. Nf4 Re8 14. a3
Bd7 15. h4 h6 16. Nd2 g5 17. hxg5 hxg5 18. Nh3 Bxh3 19. Bxh3 Nbxd5 20. Rc1 Rad8
21. Bg2 c4 22. a4 a6 $19 {Kasimdzhanov,R-Kasparov,G/EUR-Asia act/2001/}) 7...
Bb7 ({Inaccurate is} 7... g6 $143 $6 8. Qe2 $1 Nbd7 9. f4 $40 Bh6 10. e5 dxe5
11. fxe5 Bxc1 12. exf6+ Kf8 13. Nc3 Nxf6 14. Rxc1 Kg7 15. Qxb5 Re8+ 16. Nge2
Qd6 17. Qc6 Qe5 18. O-O Bf5 19. Nf4 {1-0,Chiburdanidze,M-Bellin,J/Dubai olw/
1986/}) ({More to the point and deserving attention is} 7... Qe7 8. f3 (8. Qe2
$142 Nbd7 9. f4 $13) 8... g6 9. Ne2 Bg7 10. O-O O-O 11. g4 Nfd7 12. Ng3 Ne5 13.
Nc3 b4 14. Nce2 a5 15. g5 Ba6 16. f4 Nd3 17. e5 {Sabik,R-Pejko,O/SVK-chT/1999/}
c4 $15) ({But the most often played move, which also occurred in 2 recent
games by Gleizerov, is} 7... Nbd7 8. f4 $5 (8. Nf3 Rb8 (8... Bb7 9. O-O Be7 10.
Nh4 g6 11. Bh6 Ne5 12. h3 Qb6 13. Nc3 a6 14. f4 Nc4 15. e5 Nh5 16. Re1 O-O-O
17. Nf5 gxf5 18. Qxh5 dxe5 {Gleizerov,E-Cherniaev,A/Port Erin op/2001/} 19.
Qxf5+ Kb8 20. Bg7 $16) (8... Nxe4 9. Qe2 Qe7 10. O-O $36 {/\} Bb7 11. Re1 Bxd5
$2 12. Nh4 $16) 9. O-O Be7 10. Re1 (10. Nh4 $5) 10... O-O 11. a3 Re8 12. Nc3
Qc7 13. Bf4 Bf8 14. Rc1 b4 15. axb4 {1/2,Gleizerov,E-Stocek,J/Port Erin/2001/}
Rxb4 $132) 8... b4 9. Nd2 Ba6 10. a3 b3 $5 (10... Qb6 $13) 11. Qxb3 Rb8 12. Qa4
Bb5 13. Qc2 Be7 14. Nc4 O-O 15. Nf3 Nb6 16. Nfd2 Nfd7 17. Bf1 Bf6 18. Nxb6 Qxb6
19. Bxb5 Qxb5 20. Nc4 Qa6 21. O-O Bd4+ 22. Be3 Nb6 23. Bxd4 Nxc4 24. Rac1 {
1/2,Ulibin,M-Barlov,D/Porto San Giorgio/1998/} Nxa3 $11) 8. f4 $146 {[%mdl 8]
Aggressive, and an improvement over} (8. Nf3 Nxe4 9. Nh4 Nf6 10. Nf5 Qd7 11. g4
h5 12. Bg5 hxg4 13. Qe2+ Kd8 14. Qxg4 Be7 15. Qf4 Nh5 16. Bxe7+ Qxe7+ 17. Qe3
Qf6 18. Be4 g6 19. Nh6 Qg7 20. Ng4 f5 21. Qg5+ Qe7 22. Qxe7+ Kxe7 23. Ne5 Kf6 {
0-1,Birnboim,N-Tiller,B/Randers/1982/}) 8... g6 9. e5 (9. Qe2 b4 10. a3 $5 (10.
Nf3 Ba6 $36) (10. e5 $2 dxe5 11. Qxe5+ Be7 {[%csl Rd5] /\0-0-/+,><d5}) 10...
Ba6 11. Qc2 $13) 9... Qe7 10. Nf3 (10. Qe2 Nxd5 11. exd6 (11. Qxb5+ Bc6 12. Qe2
dxe5 13. fxe5 Bg7 $36) 11... Qxe2+ 12. Nxe2 Bc6 $1 (12... Bxd6 $4 13. Nbc3 $18)
13. O-O Nb4 (13... Kd7 14. Rd1 Nb6 15. Nbc3 f5 $1 $13 {/=/+}) 14. Nbc3 Bxd6 15.
Rd1 Be7 16. Bxc6+ N8xc6 17. Nxb5 Rb8 $11 {/=/+}) (10. Bf3 $5 a6 (10... dxe5 $2
11. d6 $1 Qd7 12. fxe5 $16) (10... Bg7 11. Qe2 dxe5 (11... Nxd5 12. Qg2 Bxe5
13. fxe5 Qxe5+ 14. Ne2 $16) 12. d6 Bxf3 13. Nxf3 (13. Qxf3 e4 $17) 13... Qe6
14. fxe5 $36) 11. Kf2 $5 $13 (11. Qe2 Nfd7 (11... Nxd5 12. Qg2 $1 $16) 12. exd6
(12. e6 Nf6 $17) 12... Qxe2+ 13. Nxe2 Bxd6 $13)) 10... Nxd5 11. O-O Nd7 $6 (
11... dxe5 12. Nxe5 c4 $5 13. Bxd5 (13. Nxc4 $5 Qc5+ 14. Ne3 Nxe3 15. Re1 $40)
13... Qc5+ 14. Be3 $1 Qxd5 15. Qxd5 Bxd5 16. Nc3 $32) (11... Nc7 $142 $5 12.
exd6 Qxd6 13. Re1+ Ne6 14. Qxd6 Bxd6 15. Nd4 $1 Bxg2 16. Nxb5 Be7 17. Kxg2 Nc6
$11) 12. exd6 $2 (12. Re1 $1 O-O-O 13. exd6 {/\} Qxd6 14. Ng5 $16) (12. Ng5 $5
$36) 12... Qxd6 13. Re1+ Be7 14. Nc3 N7f6 $5 (14... a6 15. Ng5 N7f6 $13 {
was maybe also playable, but Black wants to get his pieces out of the pins and
K out of the <=> as soon as possible.}) 15. Nxb5 (15. Qe2 a6 (15... Nxc3 16.
bxc3 a6 17. c4 $44) 16. Ng5 O-O 17. Nge4 Qd7 $17) 15... Qb6 16. a4 {Only
further weakens White's position, already compromised by f4.} (16. Qe2 O-O $15)
(16. Na3 $142 $1 O-O (16... c4+ 17. Qd4 $36) 17. Nc4 Qb5 18. Nfe5 Rad8 $11 {/~~
}) 16... O-O 17. Ne5 c4+ 18. Kh1 Rac8 $36 19. Qe2 Rfd8 (19... Bb4 $142 $15) (
19... a6 20. Nxc4 $5 Rxc4 21. Qxc4 axb5 22. Qxb5 $132) 20. h3 {Now Black
consolidates his edge, while the tactical complications were far from clear:} (
20. Nxc4 $142 Rxc4 $1 (20... Qa6 21. b3 $14) 21. Qxc4 Ng4 22. h3 (22. Nd4 Nf2+
$1 (22... Bf6 23. Qe2 $1 h5 24. h3 $14) 23. Kg1 Bf6 24. Re5 Nxf4 $1 25. Bxf4 (
25. gxf4 Bxe5 26. fxe5 Rxd4 27. Be3 Rxc4 28. Bxb6 Rg4 $36) 25... Ng4 26. Rb5
Bxd4+ 27. Kh1 Nf2+ 28. Kg1 Ng4+ $11 29. Kf1 $2 Qf6 $19 {->}) 22... Nde3 23.
Bxe3 (23. a5 Bxg2+ 24. Kg1 Qb7 25. Bxe3 Bxh3 $19) 23... Nxe3 24. a5 $1 Bxg2+
25. Kg1 (25. Kh2 $2 Qc6 $1 $17) 25... Qb7 (25... Qc6 26. Qxc6 Bxc6 27. Nxa7 Ba8
28. Rac1 $16 {[%cal Ra7c6,Re1e3] /\Re3,Nc6,}) (25... Qc5 26. Qxc5 Bxc5 27. b4
$5 (27. Rac1 Nc2+ 28. Kxg2 Nxe1+ 29. Rxe1 Rd2+ $15) 27... Bxb4 28. Rxe3 Bc5 29.
Kxg2 Bxe3 $11) 26. Rxe3 Bxh3 27. Qe4 Qxe4 28. Rxe4 Bc5+ 29. Kh1 Rd2 30. Re5
Bg2+ 31. Kh2 Bf1+ $11) 20... Bb4 21. Rf1 (21. Nxc4 $2 Rxc4 22. Qxc4 Bxe1 $19) (
21. Rd1 $5) 21... c3 22. b3 $6 {[%csl Gc3] o^c} (22. bxc3 Nxc3 23. Qe3 Rc5 $1
$36) 22... Re8 $17 23. Kh2 (23. Qc2 a6 24. Nc4 Qd8 25. Nba3 Bxa3 26. Rxa3 Ne4
$1 27. Bxe4 (27. Kh2 Nb4 $19) 27... Ne3 28. Qxc3 Rxe4 $19 {->}) 23... Nd7 24.
Qf3 (24. Rd1 Nxe5 25. fxe5 Rc5 $17 {[%csl Re5] ><e5}) 24... Nc5 25. Nc4 Qf6 26.
Ncd6 {White already has to go for tactics, but now they work in Black's favour.
} Ne3 $1 27. Nxb7 (27. Nxe8 Rxe8 28. Qxe3 Rxe3 29. Bxe3 Bxg2 30. Kxg2 Nxb3 31.
Rab1 Qf5 $1 $19) 27... Nxf1+ 28. Qxf1 (28. Bxf1 Nxb3 29. Rb1 Nxc1 30. Rxc1 (30.
Rxb4 Na2 $19) 30... a6 $19 (30... c2 $5 $19)) 28... c2 29. Ra2 (29. Nxa7 Qxa1
30. Nxc8 Rxc8 31. Nd6 Rd8 $19) 29... Nxb3 $1 $19 {The most incisive.} (29...
Re1 $143 30. Qc4 Rxc1 31. Rxc2 $17) 30. Bb2 (30. Nxa7 Nxc1 31. Qxc1 Re1 $19)
30... Qb6 31. a5 Qe3 32. Qf3 (32. N7d6 c1=Q 33. Bxc1 Rxc1 34. Qf2 Be1 $19)
32... Qxf3 33. Bxf3 c1=Q 34. Bxc1 Nxc1 35. Rg2 (35. Rb2 Nd3 $19) 35... Re3 36.
Bd5 a6 37. N5d6 (37. Bxf7+ Kf8 38. N5d6 Bxd6 39. Nxd6 Rd8 40. Nc4 Re7 $19)
37... Bxd6 38. Nxd6 Rd8 39. Nc4 (39. Bxf7+ Kf8 40. Rd2 Ke7 $19) 39... Rc3 40.
Nb6 Rc5 41. Rd2 Kg7 42. Rd1 Ne2 43. Re1 Nc3 (43... Rcxd5 $5 44. Nxd5 Nd4 $19)
44. Bc4 Rd2+ 45. Kg1 Rxa5 0-1

[Event "Groningen"]
[Site "Groningen"]
[Date "1995.??.??"]
[Round "11"]
[White "Piket, Jeroen"]
[Black "Adams, Michael"]
[Result "0-1"]
[WhiteElo "2625"]
[BlackElo "2660"]
[Annotator "Stohl,I"]
[PlyCount "60"]
[EventDate "1995.12.??"]
[EventType "tourn"]
[EventRounds "11"]
[EventCountry "NED"]
[EventCategory "17"]
[SourceTitle "CBM 051"]
[Source "ChessBase"]
[SourceDate "1996.04.01"]
[SourceVersion "1"]
[SourceVersionDate "1996.04.01"]
[SourceQuality "1"]

1. d4 {Mowsziszian} e6 2. c4 Nf6 3. Nf3 c5 4. d5 exd5 5. cxd5 Bd6 $6 (5... d6
6. Nc3 {-E7}) 6. Nc3 Bc7 7. g4 $1 $146 {A new and very dangerous and effective
idea. White utilizes the time, consumed by the maneuvre Bd6-c7,d6, to expand
on the King-side and develop an attack there. In the future he can leave his K
on e1 or f1, or even castle Queen-side.} (7. Bg5 d6 8. e3 O-O (8... a6 9. Nd2 (
9. a4 Nbd7 10. Be2 O-O 11. Nd2 Re8 12. O-O h6 13. Bh4 Nf8 14. Nc4 Ng6 15. Bg3
b6 16. Qc2 Rb8 17. Na3 h5 18. h3 h4 19. Bh2 Qe7 20. Rfe1 Nd7 21. Bf1 Qf8 22.
Rab1 Bd8 23. b4 f5 24. Nc4 Bc7 25. bxc5 Nxc5 $13 {Alterman,B-Bangiev,A/Lvov
UKR-ch/1988/}) 9... h6 10. Bh4 Nbd7 11. Be2 Ne5 12. O-O Ng6 13. Bg3 O-O 14. a4
Re8 15. Qc2 h5 16. h3 Ba5 17. Nc4 Bxc3 18. bxc3 Ne4 19. Bxh5 Bf5 20. Bxg6 Bxg6
21. Qe2 Nxg3 22. fxg3 Qe7 23. a5 $1 $16 {Gurevich,M-Hodgson,J/Tallinn/1987/})
9. Be2 Re8 (9... Ba5 $6 10. Nd2 h6 11. Bh4 a6 12. a4 Nbd7 13. O-O Rb8 14. Nc4
Bc7 15. Bg3 Qe7 16. a5 Rd8 17. Re1 Nf8 18. Qc2 Bd7 19. e4 Ng6 20. h3 Bb5 21.
Ne3 Qd7 22. Nf5 Re8 23. b3 $16 {Filgueira,H-Giardelli,S/Villa Ballester op/
1996/}) 10. O-O Nbd7 11. Nd2 a6 12. a4 h6 13. Bh4 Nf8 14. Qc2 (14. e4 Ng6 15.
Bg3 Rb8 16. Qc2 Bg4 17. f3 Bd7 18. Nc4 Qe7 19. a5 Nh5 20. Bf2 Nhf4 21. Kh1 f5
22. Rfe1 Nxe2 23. Rxe2 Nf4 24. Ree1 Bb5 25. b3 fxe4 26. Nxe4 {Naumkin,I-Miezis,
N/Moscow3 1992/1/2-1/2 (61)}) 14... Ng6 15. Bg3 Ne5 16. e4 Bg4 17. Bxg4 Nfxg4
18. h3 Nf6 19. f4 Ng6 20. Nc4 Ba5 21. e5 Bxc3 22. bxc3 Nh5 23. Bh2 dxe5 24.
fxe5 $16 {[%csl Gd5,Ge5] [+],Lutz,C-Miezis,N/Hamburg op/1995/}) (7. Nd2 d6 8.
Nc4 a6 9. a4 Nbd7 10. Bg5 O-O 11. e4 Re8 12. Bd3 Rb8 13. Ne3 h6 14. Bh4 Ne5 15.
O-O Bd7 16. Bc2 Ng6 17. Bg3 b5 18. axb5 axb5 19. f3 c4 20. Ne2 Nh5 21. Bf2 Bb6
22. g3 Ne5 23. Kg2 b4 $132 {Portisch,L-Benjamin,Joe/Szirak izt/1987/}) (7. g3
d6 8. Bg2 O-O (8... a6 9. a4 Nbd7 10. O-O Nf8 11. Nd2 Ng6 12. Nc4 Bd7 13. Bg5
b5 14. axb5 axb5 15. Bxf6 gxf6 16. Rxa8 Qxa8 17. Ne3 f5 18. Qc2 Ne7 19. Bh3 Qc8
20. Qd3 b4 21. Ncd1 h5 22. Ng2 Ng6 23. Nde3 Ne5 24. Qc2 b3 25. Qb1 $16 {
[%csl Rb3,Rf5,Rh5] ק,Marin,M-Hauchard,A/Bucharest/1993/}) 9. O-O a6 10. b3 (
10. a4 $142 $14) 10... b5 11. Bb2 Re8 12. Nd2 Nbd7 13. h3 Rb8 14. Re1 Ba5 15.
Qc2 Qc7 16. Rac1 Nf8 17. e3 Ng6 18. Red1 Bb7 19. Nde4 Nxe4 20. Nxe4 Re7 21. Qe2
Qd7 22. h4 Rbe8 23. h5 Ne5 $15 {Gonzalez,F-Bellon Lopez,J/Terrasa op/1995/})
7... d6 (7... Nxg4 $6 8. d6 Ba5 9. Rg1 {Mowsziszian} Nf6 (9... h5 10. h3 Nh6
11. Rxg7 Nf5 12. Rg5 $16) 10. Rxg7 $16) (7... h6 $142 $5 $13) 8. g5 Nfd7 (8...
Nh5 {Mowsziszian} 9. e4 O-O 10. Nh4 g6 11. Nf5 Bxf5 12. exf5 Re8+ 13. Be2 $16)
9. h4 a6 10. a4 (10. b3 b5 11. Bb2 Ba5 $132) 10... Qe7 11. Bh3 O-O (11... Ne5
$2 12. Nxe5 Bxh3 13. Nxf7 $16) 12. Qd3 (12. Bf4 $5 {also deserves attention.
This positional moves hampers Black's development.} Nb6 (12... Ne5 13. Bxe5
dxe5 14. Bxc8 Rxc8 15. Ne4 Rd8 16. Qb3 Ba5+ 17. Kf1 $16) 13. Bxc8 Rxc8 14. h5
$36 {[%csl Gg5,Gh5] ->>>,()}) 12... Ne5 $5 13. Nxe5 Qxe5 14. a5 $1 {[%cal
Ya1a4] /\Ra4} (14. Bxc8 Rxc8 15. f4 Qe7 16. e4 Ba5 17. Bd2 Nd7 $36 {[%csl Re1,
Re4,Rf4] ה,Ke1}) 14... Qd4 (14... b5 $5 15. axb6 Bxb6 16. Qe4 Qe8) 15. Qg3 (
15. Qxd4 cxd4 16. Ne4 $13 (16. Ne4 {Mowsziszian} Bxh3 17. Rxh3 Re8 18. Nd2 Re5
19. Rb3 Ra7 $1 20. Nc4 Rxd5 $15)) 15... Qb4 {><a5} 16. h5 Nd7 (16... Bxa5 $6
17. g6 $40 (17. g6 {Mowsziszian} fxg6 18. hxg6 h6 19. Bxc8 Rxc8 20. Qxd6 $16))
(16... Bxh3 17. Rxh3 Re8 18. g6) 17. g6 (17. Bxd7 Bxd7 18. g6 Qg4 19. Qxg4 Bxg4
20. gxf7+ Rxf7 21. f3 Bd7 $132) (17. Ra4 Qb3 18. g6 {-17.g6}) 17... Nf6 18.
gxh7+ Kh8 $8 (18... Nxh7 $2 19. Rg1 $18 (19. Ra4 {Mowsziszian} Qb3 20. Bh6 {
/\Qg7#})) (18... Kxh7 $2 19. Ra4 Qb3 20. Rg1 Rg8 (20... Nxh5 21. Rh4 g6 22.
Rxh5+ gxh5 23. Qg7#) (20... Ne8 21. Re4 {/\Re8,Qg7#} Qc2 22. Bd2) 21. Qg6+ $1
$18 (21. Qg6+ $3 {Mowsziszian} Kh8 (21... fxg6 22. hxg6+ Kh8 23. Rh4+ Nh5 24.
Rxh5#) 22. Qxf7 Bxh3 23. h6 gxh6 24. Qxf6+ Kh7 25. Qxh6#)) 19. Rg1 $1 {White
must play forcefully in a double-edged position, otherwise the advantage might
change hands. (as it eventually happened)} (19. Bxc8 Raxc8 20. Ra4 Qb3 21. Qd3
(21. Bh6 $2 gxh6 $1 22. Rg1 Nxh5 $19) (21. Rf4 {[%cal Rf4f6,Rh1g1] /\Rf6,Rg1+-}
Qc2 $1 $17) 21... Rfe8 $13) 19... Nxh5 20. Qf3 Bxh3 21. Qxh5 (21. Qxh3 g6 $17)
(21. Ra4 Bg4 $5 (21... Qb3 22. Qxh5 Bd7 23. Bh6 $1 g6 24. Rxg6 fxg6 25. Qxg6
Rg8 $8 26. hxg8=Q+ Rxg8 27. Qf6+ Kh7 28. Qf7+ $1 Kxh6 29. Qf6+ $18) 22. Rxg4
Qb3 $132) 21... Bd7 22. Qg5 $6 {Piket had built a winning position but failed
to enjoy its fruits} (22. Bh6 $5 g6 (22... gxh6 23. Qxh6 Qd4 24. Rd1 Qe5 25. f4
$18) 23. Qf3 (23. Qg5 Bd8) 23... Bf5 24. Bxf8 Rxf8 25. O-O-O $16) (22. Rxg7 $1
Kxg7 23. Qh6+ Kh8 24. Bg5 f5 $8 (24... Bd8 $2 25. Qxf8+) (24... f6 25. Bxf6+
Rxf6 26. Qxf6+ Kxh7 27. Qf7+ Kh8 28. O-O-O {/\Rh1#}) 25. Bf6+ Rxf6 26. Qxf6+
Kxh7 27. O-O-O Qf4+ 28. e3 Qh6 (28... Qf3 {Mowsziszian} 29. Rg1 $16) 29. Qf7+
Kh8 30. Qxd7 Qh7 31. Qe6 $16 {[%csl Rh8][%cal Rc3e2,Re2f4,Rd1g1,Rg1g5] ->עh8
With the naked K and passive pieces Black is practically defenceless against
maneuvres like Ne2-f4 or Rg1-g5.}) 22... Qd4 23. Bf4 $2 (23. e3 Rae8 24. Kf1
Qe5 $17) (23. Be3 $142 $1 Qe5 (23... Qf6 24. Qxf6 gxf6 25. Bh6 $16) 24. Qxe5
dxe5 25. Bxc5 Rfe8 26. d6 Bd8 27. Nd5 $36) 23... Bd8 $1 24. Qg3 Bf6 $17 {
Now it's different. With the B on f6 Black's K is safe and Ke1 already feels
very uncomfortable.} 25. Rd1 (25. Bxd6 $5 Rfe8 26. Rd1 (26. Kf1 Qd2 $40) 26...
Qb4 $17 (26... Qc4 $40)) 25... Qc4 (25... Qb4 $5) 26. Bg5 (26. Bxd6 $142 Rfe8
$17) 26... Be5 27. f4 $8 Bd4 28. Rg2 (28. e3 Rae8 $19) 28... Rae8 {[%cal Re8e3]
/\Re3} 29. Rd3 Bf5 30. Rf3 Be4 $1 $138 (30... Be4 31. b3 (31. Nxe4 Qc1#) 31...
Qb4 $19) 0-1